00521 a2200157 45000010006000000050017000060080041000230030015000640400040000790800084001192450070002032640035002733000019003080410008003271000028003356185420260407155910.0260407a1970 arg spa dAR-UNSa-BCEJYS aAR-UNSa-BCEJYSbspacAR-UNSa-BCEJYS a347.725xSociedades públicas. Sociedades anónimas (Sociedades por acciones)10aLa asamblea en la sociedad anónimapManual teórico práctico 1aBuenos Aires :bCangalloc1970 a211 p.c23 cm. aspa1 aMascheroni, Fernando H.